000 nam a22 a 4500
999 _c429593
_d429593
003 BLK
005 20210824090405.0
008 210824b bu |||||r|||| 00| | bu d
040 _aBLK
041 _aRUS
_cRUS
080 _aРуска литература
_b821.161.1
_x.09
_z821.161.1.09
080 _aРуски поет, лит. критик, преводач
_b929 Жуковский, Василий Андреевич
_z929 Жуковский, Василий Андреевич
100 _91299
_aПоливанов, Лев Иванович
_eпърви автор
139 _aПоливанов, Лев Иванович
245 _aВ. А. Жуковский и его произведения 1783-1883
_cП. Загарин
260 _9463045
_aМосква
_bЛев Поливанов
_c1883
300 _a4, VIII, 584, LIX, 2 с.
_b1 л. : портр., 26 л. ил., портр., факс., нот.
_c26 см
380 _a82
490 _9435080
_aКолекция Редки и ценни издания
500 _aП. Загарин - псевдоним на Лев Иванович Поливанов
600 1 4 _968660
_aЖуковский, Василий Андреевич
650 0 _9245764
_aПисатели, руски
852 _aРр 883
_bРц
942 _cKNG
_n0
_s1
944 _aCR
_c2021-08-24
_kВЙ